Sports Quiz

Random Sports Quiz

Pronounce These Athlete Names Quiz Stats

 Plays Quiz not verified by Sporcle

Challenge
Share
Tweet
Embed
Score 0/18 Timer 06:00
0 Plays Today
Hint Answer % Correct
Kevin Kolb cob
62.5%
Jemile Weeksjuh-MY-ul
37.5%
Jeff Samardzijasuh-MAR-juh
25%
Paul Maholmmuh-HA-lum
12.5%
Kirk HinrichHINE-rick
12.5%
Deron Williamsdarren
12.5%
Dayan ViciedoDIE-on vee-see-AY-doh
0%
Aroldis Chapmanuh-ROLE-diss
0%
Dallas Keuchel KIE-kull
0%
Hint Answer % Correct
Mike Moustakasmoo-STAHK-iss
0%
Jenrry MejiaHEN-ree may-HEE-uh
0%
Tim LincecumLIN-sih-come
0%
Luol Dengloo-OLL dang
0%
Pau Gasolpow guh-SOLE
0%
Enes KanterEN-iss
0%
Manu Ginobili MAH-noo gih-NOH-blee
0%
Sebastian Janikowskijan-uh-COW-skee
0%
Navorro Bowmannuh-VAR-oh
0%

You're not logged in!

Compare scores with friends on all Sporcle quizzes.
OR
Log In

You Might Also Like...

Show Comments

Extras

Created Jun 27, 2014ReportNominate

Top Quizzes Today


Score Distribution

Your Account Isn't Verified!

In order to create a playlist on Sporcle, you need to verify the email address you used during registration. Go to your Sporcle Settings to finish the process.

Report this User

Report this user for behavior that violates our Community Guidelines.

Details: